{"text_format":"3","workbook":"xlsx","n_sheets":1,"sheets":["Sheet1"],"read":"whole","date_system":"1900"}

{"sheet":"Sheet1","index":0,"n_rows":27,"n_cols":14,"rows_kept":27,"merged":[[0,0,0,13],[1,0,2,0],[1,1,1,2],[1,3,1,8],[1,9,1,11],[1,12,1,13],[2,1,2,2],[2,3,2,5],[2,7,2,8],[2,9,2,11],[2,12,2,13],[3,0,15,0],[3,1,4,1],[3,2,4,2],[3,3,3,8],[3,9,3,13],[16,0,24,1],[23,7,23,8],[23,11,23,13],[24,7,24,8],[24,11,24,13],[25,0,25,3],[26,0,26,3]]}
["厦门市财政投资建设项目新材料选用定价审批表"]
["项目基本情况","立项批复项目名称",null,"厦门新机场土石方运输通道（沙美至小光山段）道路改造工程",{"$nulls":5},"立项批复文号",null,null,"厦发改审批【2018】58号"]
[null,"项目主管部门",null,"厦门市交通运输局",null,null,"建设单位","厦门路桥建设集团有限公司",null,"施工单位"]
["选用定价情况","序号","材料名称","建设单位意见",{"$nulls":5},"项目主管部门审查意见"]
[{"$nulls":3},"主要规格参数、建议品牌","数量","单位","单价（元）(不含税)","小计（元）","技术性、经济性分析","数量","单位","单价（元）","小计（元）","备注"]
[null,1,"AC-20C改性沥青混凝土","建议：厦门环东海投资发展有限公司",7237,"m3",940.17,{"$f":"E6*G6","v":{"v":6804010.29,"d":"6804010"}}]
[null,2,"橡胶沥青混凝土","建议：厦门市政工程公司",1601,"m3",1025.64,{"v":1642049.6400000001,"d":"1642050"}]
[null,3,"YJV-8.7/15-3*70电力电缆","建议：宝胜科技创新股份有限公司",6060,"m",137,830220]
[null,4,"防渗复合土工膜 国标500g/㎡","建议：泰安领航土工合成材料有限公司",27851,"m2",4,111404]
[null,5,"重油","建议：淄博华浩石化销售有限公司",63817,"kg",2.14,{"v":136568.38,"d":"136568"}]
[null,6,"10m等高双挑路灯（IP65，2*NG150W）","建议：宁波五洲灯具有限公司",109,"套",2876.92,{"v":313584.28,"d":"313584"}]
[null,7,"CPVC75电缆套管","建议：福建李氏管业有限公司",7803,"m",13.65,{"v":106510.95,"d":"106511"}]
[null,8,"草籽","建议：沭阳绿中城绿化工程有限公司",1718,"kg",18.02,{"v":30958.36,"d":"30958"}]
[null,9,"容量100KVA箱式变压器","建议：上海韩誉电器制造有限公司",3,"台",18304.27,{"v":54912.81,"d":"54913"}]
[null,10,"IP55，SMC≥5mm，1200*1500*500路灯配电柜","建议：广州市万洲电气设备有限公司",3,"台",9574.36,{"v":28723.08,"d":"28723"}]
[null,"合计",{"$nulls":5},{"$f":"SUM(H6:H15)","v":{"v":10058941.79,"d":"10058942"}}]
["签署意见"]
[]
[]
[]
[]
[]
[]
[{"$nulls":7},"单位负责人：（签字、加盖公章）",{"$nulls":3},"单位负责人：（签字、加盖公章）"]
[{"$nulls":7},"年    月     日",{"$nulls":3},"年    月     日"]
[]
["注：单项材料总价20万元及以上的，应另附评审小组意见"]